Real Madrid all-time top scorers - Statistics

General Stats
  • This quiz has been taken 180 times
  • The average score is 6 of 10
Answer Stats
Goals Nationality Player % Correct
450 Portugal Cristiano Ronaldo
100%
354 France Karim Benzema
96%
323 Spain Raúl
89%
308 Argentina / Spain Alfredo di Stéfano
79%
242 Hungary / Spain Ferenc Puskás
79%
208 Mexico Hugo Sánchez
61%
170 Spain Emilio Butragueño
49%
183 Spain Paco Gento
36%
290 Spain Santillana
27%
171 Spain Pirri
22%
No matching quizzes found
Score Distribution
Percent of People with Each Score
Percentile by Number Answered
Your Score History
You have not taken this quiz